000 01032nam a22002777a 4500
003 PE SENCICO BE
005 20251020182711.0
008 250127b |||||||| |||| 00| 0 eng d
040 _aPE SENCICO BE
_cPE SENCICO BE
041 _aspa
_aeng
082 _a728.31094
_bL25
100 1 _92873
_aLapuerta, José María de
_eautor
245 1 _aVivienda colectiva en europa :
_bhousetag = european collective housing 2000-2021 /
_cJosé María de la Puerta, Carmen Espegel, Andrés Cánovas
250 _a[1a ed.]
260 _aMadrid :
_bTC cuadernos ;
_c2021
300 _a463 páginas :
_bilustraciones a color, láminas ;
_c30 cm.
440 _92874
_aBiblioteca TC
_nGeneral de ediciones de arquitectura
650 1 0 _91456
_aViviendas multifamiliares
650 2 0 _92875
_aConjunto de vivienda
650 2 0 _9370
_aArquitectura de viviendas
650 2 0 _918
_aDiseño arquitectónico
700 1 _92876
_aEspegel, Carmen
_eautor
700 1 _92877
_aCánovas, Andrés
_eautor
910 _ahfp
_bhfp
_chfp
942 _2ddc
_cLIB
999 _c5076
_d5076